
Library Catalogue

| 000 -LEADER | |
|---|---|
| fixed length control field | 01827cam a2200313 i 4500 |
| 001 - CONTROL NUMBER | |
| control field | 23267451 |
| 003 - CONTROL NUMBER IDENTIFIER | |
| control field | OSt |
| 005 - DATE AND TIME OF LATEST TRANSACTION | |
| control field | 20260109102444.0 |
| 006 - FIXED-LENGTH DATA ELEMENTS--ADDITIONAL MATERIAL CHARACTERISTICS | |
| fixed length control field | m |o d | |
| 007 - PHYSICAL DESCRIPTION FIXED FIELD--GENERAL INFORMATION | |
| fixed length control field | cr ||||||||||| |
| 008 - FIXED-LENGTH DATA ELEMENTS--GENERAL INFORMATION | |
| fixed length control field | 110902s2011 ilu ob 001 0 eng |
| 010 ## - LIBRARY OF CONGRESS CONTROL NUMBER | |
| LC control number | 2023702584 |
| 020 ## - INTERNATIONAL STANDARD BOOK NUMBER | |
| Canceled/invalid ISBN | 9780815721802 |
| 040 ## - CATALOGING SOURCE | |
| Transcribing agency | . |
| 082 ## - DEWEY DECIMAL CLASSIFICATION NUMBER | |
| Classification number | 303.4954 COH |
| 245 04 - TITLE STATEMENT | |
| Title | The future of Pakistan / |
| Statement of responsibility, etc. | Stephen P. Cohen and others. |
| 264 #1 - PRODUCTION, PUBLICATION, DISTRIBUTION, MANUFACTURE, AND COPYRIGHT NOTICE | |
| Place of production, publication, distribution, manufacture | Washington, D.C. : |
| Name of producer, publisher, distributor, manufacturer | Brookings Institution Press, |
| Date of production, publication, distribution, manufacture, or copyright notice | [2011] |
| 264 #4 - PRODUCTION, PUBLICATION, DISTRIBUTION, MANUFACTURE, AND COPYRIGHT NOTICE | |
| Date of production, publication, distribution, manufacture, or copyright notice | ©2011 |
| 300 ## - PHYSICAL DESCRIPTION | |
| Extent | xv, 311 p. |
| 505 0# - Contents | |
| Contents | Pakistan: arrival and departure / Stephen P. Cohen -- Pakistan's future: muddle along / Kanti Bajpai -- Radicalization, political violence, and militancy / Laila Bokhari -- Addressing fundamental challenges / Christine Fair -- Looking ahead / Tariq Fatemi -- The China factor / Mohan Guruswamy -- Factors shaping the future / William Milam -- The clash of interests and objectives / Shuja Nawaz -- Still an uncertain future / Shaukat Qadir -- Visualizing a shared India-Pakistan future / Bahukutumbi Raman -- At the brink? / Hasan Askari Rizvi -- Security, soldiers, and the state / Aqil Shah -- Looking at the crystal ball / Hilary Synnott -- Regime and system change / Marvin G. Weinbaum -- Population growth, urbanization, and female literacy / Anita M. Weiss -- The perils of prediction / Joshua T. White -- Youth and the future / Moeed W. Yusuf. |
| 650 #0 - SUBJECT ADDED ENTRY--TOPICAL TERM | |
| Topical term or geographic name entry element | Civil-military relations |
| Geographic subdivision | Pakistan |
| General subdivision | History |
| Chronological subdivision | 21st century. |
| 650 #0 - SUBJECT ADDED ENTRY--TOPICAL TERM | |
| Topical term or geographic name entry element | Internal security |
| Geographic subdivision | Pakistan |
| General subdivision | History |
| Chronological subdivision | 21st century. |
| 651 #0 - SUBJECT ADDED ENTRY--GEOGRAPHIC NAME | |
| Geographic name | Pakistan |
| General subdivision | Politics and government |
| Chronological subdivision | 21st century. |
| 651 #0 - SUBJECT ADDED ENTRY--GEOGRAPHIC NAME | |
| Geographic name | Pakistan |
| General subdivision | Foreign relations |
| Chronological subdivision | 21st century. |
| 651 #0 - SUBJECT ADDED ENTRY--GEOGRAPHIC NAME | |
| Geographic name | Pakistan |
| General subdivision | Social conditions |
| Chronological subdivision | 21st century. |
| 700 1# - ADDED ENTRY--PERSONAL NAME | |
| Personal name | Cohen, Stephen P., |
| Dates associated with a name | 1936- |
| 942 ## - ADDED ENTRY ELEMENTS (KOHA) | |
| Source of classification or shelving scheme | Dewey Decimal Classification |
| Koha item type | BOOKs |
| Withdrawn status | Lost status | Damaged status | Not for loan | Home library | Current library | Shelving location | Date acquired | Cost, normal purchase price | Total Checkouts | Full call number | Barcode | Date last seen | Price effective from | Koha item type |
|---|---|---|---|---|---|---|---|---|---|---|---|---|---|---|
| NLS | NLS | 30/05/2017 | 695.00 | 303.4954 COH | 27479 | 30/05/2017 | 30/05/2017 | BOOKs |